[Event "Haarlem BDO-B"]
[Site "Haarlem"]
[Date "2008.08.17"]
[Round "9"]
[White "De Groot, Marco"]
[Black "Van der Lende, Ilias"]
[Result "0-1"]
[WhiteElo "2157"]
[BlackElo "1978"]
[PlyCount "56"]
[EventDate "2008.08.09"]
[EventType "tourn"]
[EventRounds "9"]
[EventCountry "NED"]
[SourceTitle "CBM 125 Extra"]
[Source "ChessBase"]
[SourceDate "2008.09.01"]
[SourceVersion "1"]
[SourceVersionDate "2008.09.01"]
[SourceQuality "1"]

1. e4 e6 2. d4 d5 3. Nc3 Bb4 4. e5 c5 5. Bd2 Nh6 6. Bxh6 gxh6 7. Nf3 Bd7 8. Be2 cxd4 9. Qxd4 Nc6 10. Qf4 a6 11. 0-0 Be7 12. a4 Qb6 13. Nd1 Qb4 14. Qxh6 0-0-0 15. h3 Rhg8 16. Bd3 Nd4 17. Ne1 Nf5 18. Bxf5 exf5 19. Ra3 Be6 20. Rc3+ Kb8 21. Rb3 Qa5 22. Rd3 d4 23. b3 Qxe5 24. Nf3 Qc5 25. Qf4+ Bd6 26. Qd2 Bd5 27. c3 Qc6 28. Kh1 Rxg2 0-1

[Event "Haarlem BDO-B"]
[Site "Haarlem"]
[Date "2008.08.16"]
[Round "8"]
[White "Croese, Cornelis"]
[Black "De Groot, Marco"]
[Result "1/2-1/2"]
[WhiteElo "2363"]
[BlackElo "2157"]
[PlyCount "69"]
[EventDate "2008.08.09"]
[EventType "tourn"]
[EventRounds "9"]
[EventCountry "NED"]
[SourceTitle "CBM 125 Extra"]
[Source "ChessBase"]
[SourceDate "2008.09.01"]
[SourceVersion "1"]
[SourceVersionDate "2008.09.01"]
[SourceQuality "1"]

1. e4 g6 2. d4 Bg7 3. Nc3 c5 4. Nf3 cxd4 5. Nxd4 Nc6 6. Nde2 Nf6 7. g3 b5 8. Bg2 Ng4 9. 0-0 Rb8 10. h3 Nge5 11. f4 Nc4 12. Kh1 Qa5 13. e5 0-0 14. b3 Na3 15. Nd5 d6 16. exd6 exd6 17. c3 Bf5 18. Ne3 Bd7 19. Qxd6 Rfd8 20. Qxa3 Qxa3 21. Bxa3 b4 22. Bb2 Re8 23. Rf3 bxc3 24. Bxc3 Bxc3 25. Nxc3 Nd4 26. Ned5 Nxf3 27. Nf6+ Kg7 28. Nxe8+ Rxe8 29. Rd1 Bc6 30. Rf1 Re3 31. Nd1 Rd3 32. Nb2 Rc3 33. Nd1 Rd3 34. Nf2 Rc3 35. Nd1 1/2-1/2

[Event "Haarlem BDO-B"]
[Site "Haarlem"]
[Date "2008.08.11"]
[Round "3"]
[White "Rombaldoni, Andrea"]
[Black "De Groot, Marco"]
[Result "1-0"]
[WhiteElo "2219"]
[BlackElo "2157"]
[PlyCount "69"]
[EventDate "2008.08.09"]
[EventType "tourn"]
[EventRounds "9"]
[EventCountry "NED"]
[SourceTitle "CBM 125 Extra"]
[Source "ChessBase"]
[SourceDate "2008.09.01"]
[SourceVersion "1"]
[SourceVersionDate "2008.09.01"]
[SourceQuality "1"]

1. e4 g6 2. d4 Bg7 3. Nc3 d6 4. Nge2 Nf6 5. g3 0-0 6. Bg2 e5 7. h3 c6 8. a4 Nbd7 9. 0-0 Qc7 10. Be3 exd4 11. Bxd4 b6 12. g4 Bb7 13. Ng3 Nc5 14. f4 Rad8 15. g5 Ne8 16. Nce2 d5 17. e5 Ne6 18. Be3 c5 19. Bc1 Ba6 20. Rf2 d4 21. Ra3 c4 22. Ne4 d3 23. cxd3 cxd3 24. N2g3 Nd4 25. Bd2 Ne2+ 26. Kh2 Bxe5 27. fxe5 Qxe5 28. Bc3 Nxc3 29. Rxc3 Ng7 30. Qe1 Kh8 31. Rd2 Nf5 32. Qf2 Rd4 33. Kh1 Bb7 34. Nxf5 Bxe4 35. Qxd4 1-0

[Event "Leiden SB-ch"]
[Site "Leiden"]
[Date "2007.06.05"]
[Round "4"]
[White "Van der Maat, Niek"]
[Black "De Groot, Marco"]
[Result "0-1"]
[WhiteElo "1749"]
[BlackElo "2064"]
[PlyCount "68"]
[EventDate "2007.05.15"]
[EventType "swiss"]
[EventRounds "7"]
[EventCountry "NED"]
[SourceTitle "EXT 2012"]
[Source "ChessBase"]
[SourceDate "2011.11.24"]
[SourceVersion "1"]
[SourceVersionDate "2011.11.24"]
[SourceQuality "1"]

1. d4 Nf6 2. c4 c5 3. d5 b5 4. cxb5 a6 5. bxa6 g6 6. Nc3 Bxa6 7. Nf3 Bg7 8. g3 d6 9. Bg2 Nbd7 10. Rb1 0-0 11. 0-0 Qa5 12. Bd2 Rfb8 13. Qc2 Ne8 14. a4 c4 15. Na2 Qc5 16. Be3 Qc7 17. Bd4 Nef6 18. b4 Nxd5 19. Bxg7 Kxg7 20. Ne5 Nxe5 21. Bxd5 Bb7 22. Bxb7 Rxb7 23. f4 Qb6+ 24. Kh1 Qc6+ 25. Kg1 Qxa4 26. Qc3 Qa7+ 27. Kh1 Qxa2 28. fxe5 d5 29. e6+ f6 30. Qf3 Rb5 31. Rbd1 Ra3 32. Qg4 Re3 33. Ra1 Qxe2 34. Qxe2 Rxe2 0-1

[Event "Leiden SB-ch"]
[Site "Leiden"]
[Date "2006.06.06"]
[Round "4"]
[White "De Groot, Marco"]
[Black "Van 't Hof, Eric"]
[Result "0-1"]
[WhiteElo "1940"]
[BlackElo "2115"]
[PlyCount "56"]
[EventDate "2006.05.16"]
[EventType "swiss"]
[EventRounds "7"]
[EventCountry "NED"]
[SourceTitle "EXT 2012"]
[Source "ChessBase"]
[SourceDate "2011.11.24"]
[SourceVersion "1"]
[SourceVersionDate "2011.11.24"]
[SourceQuality "1"]

1. e4 e5 2. Nf3 Nc6 3. Bb5 a6 4. Ba4 d6 5. h3 Bd7 6. d4 b5 7. Bb3 Nxd4 8. Nxd4 exd4 9. Nd2 Nf6 10. Nf3 Be7 11. 0-0 0-0 12. Re1 c5 13. a4 Bc6 14. e5 dxe5 15. Nxe5 Bb7 16. c4 b4 17. a5 Rc8 18. Bf4 Bd6 19. Qd3 Nh5 20. Bc2 f5 21. Bd2 Qc7 22. Bd1 Be4 23. Qb3 Bxe5 24. Bxh5 g6 25. Bf3 Rce8 26. Kh1 Qc6 27. Qd3 Bc7 28. Bh6 Qd6 0-1